|
|
|
|
| LEADER |
00000cas a2200000 a 4500 |
| 001 |
vtls010298288 |
| 003 |
SK-MaSNL |
| 005 |
20260425194238.0 |
| 008 |
110809d19311932xo mr|p 0 b0slo |
| 038 |
|
|
|a SNKBUDS
|
| 040 |
|
|
|a SNK
|b slo
|c SNK
|e AACR2
|
| 041 |
0 |
|
|a slo
|a ger
|
| 043 |
|
|
|a e-xo---
|
| 044 |
|
|
|a xo
|c SK
|
| 080 |
|
|
|a (437.611)
|2 2011
|
| 245 |
0 |
0 |
|a Nová Bratislava
|b mesačník nového Slovenska
|
| 246 |
1 |
4 |
|a Das neue Bratislava
|
| 246 |
1 |
3 |
|a La nouvelle Bratislava
|
| 260 |
|
|
|a Bratislava
|b A. Hořejš
|c 1931-1932
|f Slovenská grafia, úč. spol.
|
| 300 |
|
|
|a 1 zv.
|c 30 x 21 cm
|
| 310 |
|
|
|a 1x mesačne
|
| 362 |
0 |
|
|a Roč. I, č. 1 (21.11.1931)-č. 4 (12.3.1932)
|
| 500 |
|
|
|a Zodpovedný redaktor: D. Okáli
|
| 500 |
|
|
|a Tlač. Slovenská Grafia
|
| 546 |
|
|
|a Text aj v nem.
|
| 650 |
0 |
7 |
|a umenie
|2 SNKPH
|9 1060
|
| 650 |
0 |
7 |
|a architektúra
|2 SNKPH
|9 722
|
| 650 |
0 |
7 |
|a kultúra
|2 SNKPH
|9 886
|
| 651 |
|
7 |
|a Bratislava (Slovensko)
|2 SNKPH
|9 14568
|
| 655 |
|
7 |
|a odborné časopisy
|2 SNKPH
|9 70505
|
| 700 |
1 |
|
|a Okáli, Daniel,
|d 1903-1987
|4 pbd
|9 103257
|
| 710 |
2 |
|
|a Slovenská grafia, úč. spol. (Bratislava, Slovensko)
|4 prt
|9 265810
|
| 910 |
|
|
|a snk
|
| 999 |
|
|
|c 8262
|d 10192
|
| 952 |
|
|
|t č. 1-4
|a SNK
|b SNK
|y PREZ
|7 0
|p 17A0339159
|o snkČSB 264/1/1931-1932
|0 0
|1 0
|4 0
|d 2002-04-08
|l 0
|r 2005-01-02 00:00:00
|w 2026-02-21
|
| 952 |
|
|
|t č. 1-4
|a SNK
|b SNK
|y PREZ
|7 0
|p 17A0430392
|o snkČSB 264/1/1931-1932 D1
|i snkF 325/79
|8 5
|0 0
|1 0
|4 0
|d 2004-06-17
|l 0
|r 2005-01-02 00:00:00
|w 2026-02-21
|